| 000 | 01663cam a22004217a 4500 | ||
|---|---|---|---|
| 003 | CHAP | ||
| 005 | 20220329141142.0 | ||
| 008 | 971010s1967 r 00010 d | ||
| 010 | _a63489 | ||
| 011 | _a64461 | ||
| 035 | _a69796 | ||
| 040 | _cCHAP | ||
| 082 |
_a635 _bT6y |
||
| 100 | 0 | 0 |
_aToovey, F. W. _9113897 |
| 245 | 0 |
_aProducción comercial de hortalizas en invernadero _c/por F.W. Toovey |
|
| 260 |
_aZaragoza : _bAcribia, _c1967 |
||
| 300 |
_a158 p. _b: ilus |
||
| 490 | 0 | _aManuales de técnica agropecuaria | |
| 500 | _aTrad. de : Salad and other food crops in glasshouse, 3ed.,1963. | ||
| 590 |
_aBATCH-UPD _b10 _c20130110 _lUCH01 _h1508 |
||
| 590 |
_aBATCH-UPD _b10 _c20130410 _lUCH01 _h0926 |
||
| 590 |
_aBATCH-UPD _b10 _c20130914 _lUCH01 _h1129 |
||
| 590 |
_aCONVERSION _b10 _c20130109 _lUCH01 _h1334 |
||
| 650 | 1 | 4 |
_aCultivos en invernadero. _930376 |
| 650 | 1 | 4 |
_aHorticultura. _956291 |
| 650 | 1 | 4 |
_aLegumbres. _965680 |
| 830 | 0 |
_aManuales de técnica agropecuaria _970676 |
|
| 901 | _aBK | ||
| 942 | _cLIBRO | ||
| 949 |
_a635 T6y _bBC _cLIBRO _d33724000249876 _eLIBRO _h17802 _i69796 _si |
||
| 949 |
_a635 T6y _bBC _cLIBRO _d33724000249884 _eLIBRO _fc.2 _h36945 _i69796 _si |
||
| 949 |
_a635 T6y _bBC _cLIBRO _d33724000249892 _eLIBRO _fc.3 _h36946 _i69796 _si |
||
| 949 |
_a635 T6y _bBC _cLIBRO _d33724000249900 _eLIBRO _fC.6 _i69796 _si |
||
| 949 |
_a635 T6y _bBC _cLIBRO _d33724000250049 _eLIBRO _fc.4 _h36947 _i69796 _si |
||
| 949 |
_a635 T6y _bBC _cLIBRO _d33724000821815 _eLIBRO _fc.7 _h81169rep. _i69796 _si _t$990.00 |
||
| 949 |
_a635 T6y _bBC _cLIBRO _d33724000871422 _eLIBRO _fc.5 _gDonaciØn _h103697rep. _i69796 _sb |
||
| 949 |
_a635 T6y _bP _cLIBRO _d-2024 _eLIBRO _h849 _i69796 _si |
||
| 999 |
_c63489 _d63489 |
||